Հայաստանի Հանրապետության ընտանեկան իրավունք: (Record no. 51405)
[ view plain ]
| 000 -LEADER | |
|---|---|
| fixed length control field | 00773nam a2200205Ia 4500 |
| 003 - CONTROL NUMBER IDENTIFIER | |
| control field | SEM |
| 005 - DATE AND TIME OF LATEST TRANSACTION | |
| control field | 20220608072004.0 |
| 008 - FIXED-LENGTH DATA ELEMENTS--GENERAL INFORMATION | |
| fixed length control field | 141116s9999 xx 000 0 arm d |
| 020 ## - INTERNATIONAL STANDARD BOOK NUMBER | |
| International Standard Book Number | 5808406676 |
| 040 ## - CATALOGING SOURCE | |
| Original cataloging agency | SEM |
| Transcribing agency | SEM |
| 041 ## - LANGUAGE CODE | |
| Language code of text/sound track or separate title | arm |
| 080 ## - UNIVERSAL DECIMAL CLASSIFICATION NUMBER | |
| Universal Decimal Classification number | 347.61(47.925)(075.8)/Ղ-46 |
| 100 ## - MAIN ENTRY--PERSONAL NAME | |
| Personal name | Ղարախանյան Գեղամ |
| 245 ## - TITLE STATEMENT | |
| Title | Հայաստանի Հանրապետության ընտանեկան իրավունք: |
| Remainder of title | Դասագիրք բուհերի համար: / |
| Statement of responsibility, etc. | Գ. Ղարախանյան; Խմբ.՝ Կ. Բարսեղյան |
| 260 ## - PUBLICATION, DISTRIBUTION, ETC. | |
| Place of publication, distribution, etc. | Երևան: |
| Name of publisher, distributor, etc. | Երևանի համալսարանի հրատ., |
| Date of publication, distribution, etc. | 2005 |
| 300 ## - PHYSICAL DESCRIPTION | |
| Extent | 395 էջ; |
| Dimensions | 21 սմ |
| 650 ## - SUBJECT ADDED ENTRY--TOPICAL TERM | |
| Topical term or geographic name entry element | Ընտանեկան իրավունք |
| 700 ## - ADDED ENTRY--PERSONAL NAME | |
| Relationship | edt. |
| Personal name | Բարսեղյան Կ. |
| Relator term | խմբ. |
| 942 ## - ADDED ENTRY ELEMENTS (KOHA) | |
| Source of classification or shelving scheme | Universal Decimal Classification |
| Koha item type | Գրքեր/Books |
| Withdrawn status | Lost status | Source of classification or shelving scheme | Damaged status | Not for loan | Collection code | Home library | Current library | Date acquired | Cost, normal purchase price | Shelving control number | Total Checkouts | Full call number | Barcode | Date last seen | Price effective from | Koha item type | Public note |
|---|---|---|---|---|---|---|---|---|---|---|---|---|---|---|---|---|---|
| Universal Decimal Classification | Գրապահոց | Մայր Աթոռ Սուրբ Էջմիածին «Վաչե և Թամար Մանուկյան» Մատենադարան | Մայր Աթոռ Սուրբ Էջմիածին «Վաչե և Թամար Մանուկյան» Մատենադարան | 16/11/2014 | 3000.00 | 347.61(47.925)(075.8)/Ղ-46 | 21488 | 16/11/2014 | 16/11/2014 | Գրքեր/Books | Սպասարկվում է ընթերցասրահ |